| 000 | 00860nac a22002171u 4500 | ||
|---|---|---|---|
| 010 | _a2003004741 | ||
| 020 | _a0071218068 | ||
| 082 | 0 | 0 |
_a612 _bM1814 |
| 090 |
_c1619 _d1619 |
||
| 100 | _aMader, Sylvia S. | ||
| 245 | 1 | 0 |
_aHuman biology / _cSylvia S. Mader. |
| 250 | _a8th ed. | ||
| 260 |
_aBoston : _bMcGraw Hill Higher Education,2004 _c2004. |
||
| 300 |
_a1 v. (various pagings) : _bcol. ill. ; _c28 cm. |
||
| 504 | _aIncludes bibliographical references and index. | ||
| 650 | 0 | _aHuman biology. | |
| 856 | 4 | 2 |
_3Publisher description _uhttp://www.loc.gov/catdir/enhancements/fy0614/2003004741-d.html |
| 856 | 4 | 2 |
_3Table of contents only _uhttp://www.loc.gov/catdir/enhancements/fy0614/2003004741-t.html |
| 942 |
_cBB _k612M1814 |
||
| 999 |
_c1619 _d1619 |
||